[Event "29th CRO-chT Junior 2020"]
[Site "Cakovec"]
[Date "2020.07.14"]
[Round "2.2"]
[White "Karlusic, Luka"]
[Black "Radenic, Filip"]
[Result "0-1"]
[WhiteElo "2169"]
[BlackElo "2134"]
[Annotator "RC"]
[PlyCount "108"]
[EventDate "2020.07.14"]
[EventType "team-tourn"]
[EventCountry "CRO"]
[SourceTitle "playchess.com"]
[Source "ChessBase"]
[SourceQuality "1"]
[TimeControl "5400+30"]

1. d4 {[%emt 0:00:30]} Nf6 {[%emt 0:00:30]} 2. c4 {[%emt 0:00:00]} e6 {[%emt 0:00:00]} 3. Nc3 {[%emt 0:00:00]} Bb4 {[%emt 0:00:00]} 4. e3 {[%emt 0:00:30]} O-O {[%emt 0:00:30]} 5. Nge2 {[%emt 0:00:00]} Re8 {[%emt 0:00:30]} 6. a3 {[%emt 0:00:00]} Bf8 {[%emt 0:00:30]} 7. Ng3 {[%emt 0:02:30]} d5 {[%emt 0:01:30]} 8. cxd5 {[%emt 0:11:30]} exd5 {[%emt 0:00:00]} 9. Bd3 {[%emt 0:00:30]} a5 {[%emt 0:03:00]} 10. O-O {[%emt 0:03:30]} Na6 {[%emt 0:05:30]} 11. Qc2 {[%emt 0:12:30]} c6 {[%emt 0:01:30]} 12. Bd2 {[%emt 0:02:30]} Nc7 {[%emt 0:01:30]} 13. Rab1 {[%emt 0:03:30]} Ne6 {[%emt 0:02:30]} 14. Rfc1 {[%emt 0:04:30]} h5 {[%emt 0:03:30]} 15. h3 {[%emt 0:05:30]} h4 {[%emt 0:03:30]} 16. Nf1 {[%emt 0:07:30]} Bd6 {[%emt 0:05:30]} 17. Ne2 {[%emt 0:07:30]} Ng5 {[%emt 0:08:30]} 18. f4 {[%emt 0:07:30]} Nge4 {[%emt 0:01:30]} 19. Be1 {[%emt 0:00:30]} Nh5 {[%emt 0:03:30]} 20. Bxe4 {[%emt 0:09:30]} Rxe4 {[%emt 0:01:30]} 21. Nc3 {[%emt 0:00:00]} Re8 {[%emt 0:02:30]} 22. Qf2 {[%emt 0:04:10]} Be7 {[%emt 0:02:30]} 23. b4 {[%emt 0:05:31]} Bf5 {[%emt 0:04:30]} 24. Rb3 {[%emt 0:01:00]} axb4 {[%emt 0:07:30]} 25. axb4 {[%emt 0:00:01]} b5 {[%emt 0:05:30]} 26. Ne2 {[%emt 0:03:05]} Qb6 {[%emt 0:04:30]} 27. Kh2 {[%emt 0:04:39]} Ra2 {[%emt 0:01:30]} 28. Qf3 {[%emt 0:00:24]} g6 {[%emt 0:01:30]} 29. Nc3 {[%emt 0:00:28]} Ra6 {[%emt 0:01:30]} 30. Rb2 {[%emt 0:01:30]} Rea8 {[%emt 0:00:30]} 31. Qe2 {[%emt 0:02:08]} Qb8 {[%emt 0:02:30]} 32. Kg1 {[%emt 0:00:48]} Qf8 {[%emt 0:01:30]} 33. Nd1 {[%emt 0:01:57]} Qe8 {[%emt 0:02:30]} 34. Nh2 {[%emt 0:00:15]} Bf6 {[%emt 0:07:45]} 35. Nf3 {[%emt 0:00:52]} Ra1 {[%emt 0:00:33]} 36. Rxa1 {[%emt 0:00:23]} Rxa1 {[%emt 0:00:01]} 37. Ra2 {[%emt 0:00:42]} Nxf4 {[%emt 0:00:27]} 38. exf4 {[%emt 0:00:37]} Qxe2 {[%emt 0:00:03]} 39. Rxe2 {[%emt 0:00:00]} Rxd1 {[%emt 0:00:13]} 40. Re8+ {[%emt 0:00:57]} Kg7 {[%emt 0:00:04]} 41. Kf1 {[%emt 0:00:25]} Be4 {[%emt 0:01:19]} 42. Ne5 {[%emt 0:00:34]} Rxd4 {[%emt 0:00:59]} 43. Nxc6 {[%emt 0:00:17]} Bd3+ {[%emt 0:00:49]} 44. Kf2 {[%emt 0:00:43]} Rxf4+ {[%emt 0:01:54]} 45. Ke3 {[%emt 0:00:03]} Re4+ {[%emt 0:00:13]} 46. Rxe4 {[%emt 0:00:02]} dxe4 {[%emt 0:01:21]} 47. g3 {[%emt 0:01:13]} hxg3 {[%emt 0:01:11]} 48. Bxg3 {[%emt 0:00:02]} Bc3 {[%emt 0:00:52]} 49. Bd6 {[%emt 0:01:44]} f5 {[%emt 0:00:30]} 50. h4 {[%emt 0:00:30]} Kf6 {[%emt 0:00:30]} 51. Bf8 {[%emt 0:00:30]} Ke6 {[%emt 0:00:30]} 52. Nd4+ {[%emt 0:00:30]} Kd5 {[%emt 0:00:30]} 53. Nb3 {[%emt 0:00:30]} Be1 {[%emt 0:00:30]} 54. h5 {[%emt 0:00:30]} g5 {[%emt 0:00:30]} 0-1

[Event "29th CRO-chT Junior 2020"]
[Site "Cakovec"]
[Date "2020.07.14"]
[Round "2.3"]
[White "Troselj, Ivan"]
[Black "Cigrovski, Jakov"]
[Result "0-1"]
[WhiteElo "1857"]
[BlackElo "2010"]
[Annotator "TA"]
[PlyCount "99"]
[EventDate "2020.07.14"]
[EventType "team-tourn"]
[EventCountry "CRO"]
[SourceTitle "playchess.com"]
[Source "ChessBase"]
[SourceQuality "1"]

{[%evp 14,99,1,0,10,0,10,0,69,38,45,0,0,0,0,0,0,-11,-20,-35,-20,-24,0,0,-1,-16,-10,-16,-14,-17,-10,-29,-7,-20,-10,-61,-63,-61,-62,-106,-92,-81,-33,-27,-20,-29,-38,-56,-50,-89,-80,-66,-78,-67,10,15,19,-118,-36,-29,-27,-79,-16,-23,-26,-106,-100,-120,-122,-121,-128,-108,-108,-175,-181,-196,-130,-287,-287,-287,-287,-278,-282,-399,-394,-445,-433,-430]} 1. e4 c5 2. c3 g6 3. d4 cxd4 4. cxd4 d5 5. exd5 Nf6 6. Nc3 Nxd5 7. Qb3 Nb6 8. Bb5+ Bd7 {B14: Caro-Kann: Panov-Botvinnik Attack with 5...e6 and 5...g6.} 9. Nf3 Bxb5 {[#]} 10. Qxb5+ $146 ({Predecessor:} 10. Nxb5 Bg7 11. Bf4 Na6 12. O-O O-O 13. Rfe1 Nd5 14. Bg3 Nab4 15. Rad1 Qd7 16. Nc3 Nxc3 17. bxc3 {1-0 (31) Jameson,D (2103)-Roberts,L (1870) Fishguard 2016}) 10... N8d7 (10... Nc6 $11) 11. Bf4 Bg7 12. O-O O-O 13. Rfe1 Nf6 14. Be5 (14. Bg3 {is interesting.} e6 15. a4 Qd7 16. Qb3 Rac8 17. a5) 14... Qd7 15. Qxd7 Nbxd7 16. Rad1 e6 17. Nb5 Nd5 18. Nd6 Nxe5 19. dxe5 Rad8 20. h3 Rd7 21. Ne4 Rc7 22. Nd6 Bh6 23. g4 Nf4 24. h4 ({Better is} 24. Kh2 $11) 24... Rc2 $15 {...Nh3+ is the strong threat.} 25. g5 Bg7 26. Rd2 Rxd2 27. Nxd2 Nd3 28. Re3 Nxe5 29. Nxb7 Rb8 30. Rb3 Nc6 31. Ne4 Nd4 32. Rb4 Nf3+ 33. Kf1 Bf8 (33... Nxh4 $15 34. Nec5 Nf5) 34. Nf6+ $1 $11 Kg7 35. Rb5 (35. Nd7 $1 $11) 35... Nd4 (35... Be7 $17 {Strongly threatening ...h5.} 36. Nd7 Rc8) 36. Nd7 $15 Rc8 37. Ra5 {[#]} Rc7 (37... Rc1+ $1 $17 38. Kg2 Be7) 38. Nbc5 $11 Be7 39. b4 (39. Ra4 $1 $11 {remains equal.}) 39... Nc6 $17 40. Ra4 {[#]} Nxb4 $1 {[%mdl 512]} 41. Rxb4 {Hoping for Rc4.} Rxd7 {[%mdl 4096] Endgame KRB-KRN} 42. Rc4 Rd5 43. Nb3 {[#]} (43. Ne4 $17) 43... Bd8 $1 $19 44. Ke2 Bb6 (44... h6 $19 45. gxh6+ Kxh6) 45. Nd2 $2 {[#] Now White is beyond hope.} (45. Re4 $17) 45... Bxf2 $1 {[%mdl 512]} 46. Nf3 (46. Kxf2 Rxd2+) 46... Bb6 47. Kf1 h6 48. Kg2 (48. Ke2 {was called for.}) 48... hxg5 49. Nxg5 Rd2+ 50. Kg3 {Accuracy: White = 61%, Black = 76%.} 0-1

[Event "29th CRO-chT Junior 2020"]
[Site "Cakovec"]
[Date "2020.07.14"]
[Round "2.4"]
[White "Mahecic, Lovre"]
[Black "Zekic, Patrik"]
[Result "0-1"]
[WhiteElo "1949"]
[BlackElo "1699"]
[Annotator "TA"]
[PlyCount "74"]
[EventDate "2020.07.14"]
[EventType "team-tourn"]
[EventCountry "CRO"]
[SourceTitle "playchess.com"]
[Source "ChessBase"]
[SourceQuality "1"]

{[%evp 22,74,0,0,18,0,0,-62,58,65,87,89,91,93,95,84,88,18,32,0,17,0,0,0,0,0,0,-33,-27,-836,-814,-962,-963,-1023,-1022,-1016,-942,-996,-980,-1000,-985,-952,-945,-930,-925,-6628,-5627,-29977,-29978,-29977,-29978,-29979,-29980,-29997,-29988]} 1. c4 e6 2. g3 d5 3. Bg2 Nf6 4. Nc3 Be7 5. Nf3 Nbd7 6. O-O O-O 7. b3 b6 8. Bb2 Bb7 9. Rc1 c5 10. cxd5 Nxd5 11. d4 Nxc3 {has lost popularity (11...Rc8).} 12. Bxc3 Nf6 {E17: Queen's Indian: 4 g3 Bb7 5 Bg2 Be7.} 13. Qc2 Rc8 {[#] And now ...Bxf3 would win.} 14. Rfd1 $146 (14. dxc5 $11 Be4 15. Qb2) ({Predecessor:} 14. Qb2 Bd5 15. Rfd1 cxd4 16. Nxd4 Bxg2 17. Kxg2 Qd5+ 18. f3 Rfd8 19. e4 Qb7 20. b4 {½-½ (32) Lisenko,A (2372)-Rauk,T (2157) Puhajarve 2017}) 14... c4 (14... cxd4 $1 $15 15. Rxd4 Nd5) 15. bxc4 $1 $14 Bxf3 16. Bxf3 Rxc4 17. Qb3 Qc7 18. Bb2 Rc8 19. Qd3 ({White should try} 19. e4 $16) 19... b5 $11 20. d5 exd5 21. Bxd5 Nxd5 22. Qxd5 a6 23. Qf5 g6 $36 {[%mdl 2048] Black is pushing.} 24. Qd5 Rd8 25. Rxc4 $4 {[%mdl 8192] This move loses the game for White.} (25. Qf3 $11) 25... bxc4 $19 26. Qf3 Rxd1+ 27. Kg2 Rd7 28. Qc3 f6 29. f3 Qc6 30. Qe3 Kf7 31. Qh6 c3 32. Qxh7+ Ke6 {Hoping for ...Rd2!} 33. Bc1 {[#]} Rd2 $1 34. Qxg6 (34. Bxd2 cxd2) 34... Rxe2+ {Black mates.} 35. Kh3 Qxf3 36. Qg8+ Kd7 {[%cal Rf3h5]} 37. Qg6 Qg2+ {Accuracy: White = 43%, Black = 83%.} 0-1

[Event "29th CRO-chT Junior 2020"]
[Site "Cakovec"]
[Date "2020.07.14"]
[Round "2.5"]
[White "Karlovcec, David"]
[Black "Cotic, Borna"]
[Result "0-1"]
[WhiteElo "1655"]
[BlackElo "2049"]
[Annotator "TA"]
[PlyCount "68"]
[EventDate "2020.07.14"]
[EventType "team-tourn"]
[EventCountry "CRO"]
[SourceTitle "playchess.com"]
[Source "ChessBase"]
[SourceQuality "1"]

{[%evp 12,68,13,-37,-38,-39,-35,-71,-73,-239,-233,-238,-232,-233,-237,-243,-234,-348,-346,-347,-343,-325,-359,-355,-337,-337,-270,-273,-274,-338,-343,-330,-335,-389,-388,-499,-485,-395,-295,-297,-275,-283,-268,-308,-279,-322,-314,-347,-347,-352,-343,-429,-406,-473,-437,-572,-581,-555,-530]} 1. e4 c5 2. Nf3 e6 3. d4 cxd4 4. Nxd4 Nc6 5. c4 Nf6 6. Nc3 Bb4 7. f3 d5 {B44: Sicilian: Taimanov: 5 Nb5.} 8. exd5 exd5 9. Be3 O-O {[#] Strongly threatening ...Re8.Black is better.} 10. Nc2 $146 (10. Qd2 $17 {is a better defense.}) ({Predecessor:} 10. Qd2 Re8 11. O-O-O dxc4 12. Nxc6 Qxd2+ 13. Bxd2 bxc6 14. Bxc4 Bf5 15. a3 Bc5 16. g4 {0-1 (42) Gora,A (1832)-Leczek,W (1591) Maslow Pierwszy 2014}) 10... Re8 $19 {Threatens to win with ...d4.} 11. Be2 {[#]} Rxe3 $1 {[%mdl 576] Deflection, Decoy} 12. Nxe3 {[%cal Rc4d5]} d4 {[%mdl 64] Pin} 13. Nc2 {[#]} Ba5 $1 {[%mdl 64] Pin} ({Don't blunder} 13... dxc3 $2 14. Qxd8+ Nxd8 15. Nxb4 $18) 14. b4 (14. a3 $142) 14... Nxb4 ({Not} 14... dxc3 15. bxa5 Qxa5 16. O-O $17) 15. Nxd4 {[#]} Qxd4 $1 {[%mdl 576] Remove Defender} 16. Qxd4 Nc2+ {[%mdl 64] Double Attack} 17. Kf2 Nxd4 18. Rac1 Nxe2 19. Kxe2 Be6 20. Nd5 Bxd5 ({Resist} 20... Nxd5 21. cxd5 Bd7 22. Kf2 $19) 21. cxd5 Nxd5 22. g3 Re8+ 23. Kf2 Bb6+ 24. Kg2 g6 25. Rhe1 Rxe1 26. Rxe1 Ne3+ 27. Kh3 Bd4 28. Rb1 b6 29. Rb4 Bc5 30. Re4 a5 31. a4 Kg7 32. g4 Nd5 {Black is clearly winning.} 33. Kg3 Nc3 34. Rc4 Bb4 {White did not feel at home in the position after the opening. Accuracy: White = 33%, Black = 91%.} 0-1

[Event "29th CRO-chT Junior 2020"]
[Site "Cakovec"]
[Date "2020.07.14"]
[Round "2.6"]
[White "Simunic, Krunoslav"]
[Black "Vidovic, Dominik"]
[Result "1/2-1/2"]
[WhiteElo "2047"]
[BlackElo "1484"]
[Annotator "TA"]
[PlyCount "130"]
[EventDate "2020.07.14"]
[EventType "team-tourn"]
[EventCountry "CRO"]
[SourceTitle "playchess.com"]
[Source "ChessBase"]
[SourceQuality "1"]

{[%evp 21,130,56,70,42,87,93,86,90,101,109,111,37,33,55,48,45,52,20,45,12,101,-120,-121,-121,-135,-127,-127,-117,-66,-70,-70,-70,-70,-70,-70,-70,-70,-70,-70,-70,-70,-92,-43,-58,-43,-72,-64,-87,-3,-265,-270,-262,-262,-366,-220,-278,-264,-249,-215,-218,-216,-215,-212,-220,-212,-258,-200,-393,-280,-275,-268,-356,-357,-331,-319,-333,-320,-441,-314,-296,-174,-270,-298,-574,-585,-511,-22,-22,-22,-22,-22,-22,-22,-22,-22,-29989,0,0,0,0,8,8,8,8,8,8,8,8,8,0,0]} 1. d4 Nf6 2. c4 e6 3. Nf3 d5 4. Bg5 Be7 5. Nc3 O-O 6. e3 b6 7. cxd5 Nxd5 8. Nxd5 exd5 9. Bxe7 Qxe7 10. Rc1 Ba6 11. Bxa6 Nxa6 {[%cal Bb8a6,Ba6c5,Bc5e4,Be4c3][%mdl 32]} 12. a3 {D55: Queen's Gambit Declined: 4 Bg5 Be7: Lines without ...h6 and 6...h6 7 Bxf6.} c5 13. dxc5 $1 Nxc5 {[#]} 14. b4 $146 {White is better.} ({Predecessor:} 14. O-O Qe4 15. Qc2 Rac8 16. Ng5 Qxc2 17. Rxc2 Nb3 18. Rxc8 Rxc8 19. Nf3 Rc2 20. Rb1 {1-0 (48) Goetz,M-Forster,J Kehl 1989}) 14... Ne4 15. Qxd5 Rfd8 16. Qe5 (16. Qc6 $16) 16... Qxe5 $14 17. Nxe5 f6 18. Nc6 Rd3 19. a4 Nc3 20. a5 b5 (20... Re8 $1 $11 {keeps the balance.}) 21. O-O $2 (21. h4 $16 {and life is bright.}) 21... Ne2+ $17 {[%mdl 64] Double Attack} 22. Kh1 Nxc1 23. Rxc1 {[%mdl 4096] Endgame KRR-KRN} Rd7 24. Nd4 a6 (24... Rdd8 $17 25. Nc6 Rd2) 25. Rc6 Raa7 26. g4 Rdc7 27. Rb6 Rc4 28. Nc6 Rc7 29. Nd4 Rxb4 30. Rxa6 Ra4 31. Nxb5 Rc1+ (31... Rc2 {looks sharper.} 32. Kg2 Rxg4+ 33. Kf3 Ra4 34. Nd4 Rc5) 32. Kg2 Rca1 33. Ra8+ Kf7 34. Nd6+ Kg6 (34... Ke6 $17 35. Ne8 Rxg4+ 36. Kf3 Rg5) 35. Nb7 $2 {[%mdl 8192]} (35. f4 $1 $11 {and White is okay.}) 35... Rxg4+ $19 36. Kf3 Rg5 37. a6 Rb5 38. Ke4 Ra4+ 39. Kf3 Rb6 40. Nc5 Ra5 41. Rc8 Rbb5 42. Ne6 Rf5+ 43. Kg4 h5+ 44. Kh4 $2 (44. Kg3) 44... Rxa6 45. Nf4+ Kh7 {White must now prevent ...g5+.} 46. Rc7 Kh6 {Hoping for ...g5+.} 47. Kg3 g5 48. Nd3 h4+ 49. Kg4 Kg6 50. f4 {If only White now had time for Nc5....} Ra2 (50... Rb5 $142 51. fxg5 fxg5) 51. e4 (51. fxg5 $142 Rxg5+ 52. Kh3) 51... Rb5 52. f5+ $2 (52. fxg5 Rxg5+ 53. Kh3) 52... Kh6 53. Rc6 {[#]} Rxh2 $2 ({Better is} 53... Rg2+ $1 $19 54. Kf3 Rxh2 55. Rxf6+ Kh5) 54. Rxf6+ $11 Kg7 {( -> ...Rg2+)} 55. Rg6+ {[%mdl 64] Double Attack} Kf7 {...Rg2+ is the strong threat.} 56. Rxg5 h3 57. Rh5 Rb3 58. Nf4 $2 {[%mdl 8192] [#]} (58. Ne5+ $11 Kg8 59. Nf3) 58... Rb4 $2 (58... Rg2+ $1 {[%mdl 512] mates} 59. Nxg2 hxg2 60. Rh7+ Kg8 61. f6 g1=Q+ 62. Kf5 Kxh7 63. f7 Rf3+ 64. Ke5 Qc5+ 65. Ke6 Kg6 66. e5 Qc6+ 67. Ke7 Rxf7+ 68. Kd8 Qd7#) 59. Nxh3 {aiming for Ng5+.The position is equal.} Rxe4+ 60. Kg3 Ree2 61. Ng5+ {[#]} Kf6 $1 62. Nh7+ Kg7 63. f6+ Kg6 64. Rxh2 Rxh2 65. Kxh2 Kxh7 {Accuracy: White = 50%, Black = 63%.} 1/2-1/2

[Event "29th CRO-chT Junior 2020"]
[Site "Cakovec"]
[Date "2020.07.14"]
[Round "2.7"]
[White "Vuk, Sebastijan"]
[Black "Baric, Marko"]
[Result "1/2-1/2"]
[WhiteElo "1382"]
[BlackElo "1831"]
[Annotator "NA RC"]
[PlyCount "27"]
[EventDate "2020.07.14"]
[EventType "team-tourn"]
[EventCountry "CRO"]
[SourceTitle "playchess.com"]
[Source "ChessBase"]
[SourceQuality "1"]
[TimeControl "5400+30"]

{[%evp 8,25,29,33,18,19,37,8,38,-4,47,43,68,62,87,65,85,66,49,49]} 1. e4 {[%emt 0:00:30]} c5 {[%emt 0:00:30]} 2. Nf3 {[%emt 0:00:00]} Nc6 {[%emt 0:00:00]} 3. Bb5 {[%emt 0:00:00]} g6 {[%emt 0:00:00]} 4. Nc3 {[%emt 0:00:30]} Nd4 {[%emt 0:02:30]} 5. Nxd4 {[%emt 0:03:30]} cxd4 {[%emt 0:00:30]} 6. Ne2 {[%emt 0:00:30]} Bg7 {[%emt 0:05:30]} 7. O-O {[%emt 0:00:30]} a6 {[%emt 0:05:30]} 8. Bc4 {[%emt 0:02:30]} Qc7 {[%emt 0:03:30]} 9. d3 {[%emt 0:04:30]} b5 {[%emt 0:04:30]} 10. Bb3 {[%emt 0:01:30]} Bb7 {[%emt 0:04:30]} 11. f4 {[%emt 0:03:30]} e6 {[%emt 0:09:30]} 12. Qe1 {[%emt 0:14:30]} Ne7 $14 {[%emt 0:06:30]} 13. Qf2 {[%emt 0:03:30]} Nc6 {[%emt 0:12:30]} 14. e5 {[%emt 0:05:30]} 1/2-1/2

[Event "29th CRO-chT Junior 2020"]
[Site "Cakovec"]
[Date "2020.07.14"]
[Round "2.8"]
[White "Cecic-Sule, Dino"]
[Black "Kristofic, Dino"]
[Result "1-0"]
[WhiteElo "1695"]
[BlackElo "1290"]
[Annotator "NA RC"]
[PlyCount "67"]
[EventDate "2020.07.14"]
[EventType "team-tourn"]
[EventCountry "CRO"]
[SourceTitle "playchess.com"]
[Source "ChessBase"]
[SourceQuality "1"]
[TimeControl "5400+30"]

1. d4 {[%emt 0:00:30]} d5 {[%emt 0:00:30]} 2. Nf3 {[%emt 0:00:30]} Bf5 {[%emt 0:00:30]} 3. Bf4 {[%emt 0:00:00]} Nf6 {[%emt 0:01:30]} 4. e3 {[%emt 0:00:00]} Nbd7 {[%emt 0:02:30]} 5. Bd3 {[%emt 0:00:30]} Be4 {[%emt 0:01:30]} 6. Nbd2 {[%emt 0:01:30]} e6 {[%emt 0:01:30]} 7. Bxe4 {[%emt 0:00:30]} Nxe4 {[%emt 0:02:30]} 8. Nxe4 {[%emt 0:00:30]} dxe4 {[%emt 0:00:00]} 9. Nd2 {[%emt 0:00:30]} f5 {[%emt 0:01:00]} 10. c3 {[%emt 0:00:30]} Rc8 {[%emt 0:02:30]} 11. Qb3 {[%emt 0:00:30]} Bd6 {[%emt 0:08:30]} 12. Qxe6+ {[%emt 0:00:30]} Qe7 {[%emt 0:01:30]} 13. Qxe7+ {[%emt 0:00:30]} Bxe7 {[%emt 0:00:30]} 14. Nc4 {[%emt 0:00:30]} Bf6 {[%emt 0:04:30]} 15. f3 {[%emt 0:00:30]} b5 {[%emt 0:00:30]} 16. Nd2 {[%emt 0:00:30]} exf3 {[%emt 0:00:30]} 17. Nxf3 {[%emt 0:00:30]} O-O {[%emt 0:01:30]} 18. Kf2 {[%emt 0:00:30]} Nb6 {[%emt 0:02:30]} 19. Be5 {[%emt 0:00:30]} Bxe5 {[%emt 0:00:30]} 20. Nxe5 {[%emt 0:00:30]} c5 {[%emt 0:00:30]} 21. Rac1 {[%emt 0:00:30]} b4 {[%emt 0:01:30]} 22. cxb4 {[%emt 0:01:30]} cxd4 {[%emt 0:00:30]} 23. exd4 {[%emt 0:00:30]} Nd5 {[%emt 0:00:30]} 24. a3 {[%emt 0:00:30]} Nf4 {[%emt 0:02:30]} 25. g3 {[%emt 0:01:30]} Ne6 {[%emt 0:00:30]} 26. Nc6 {[%emt 0:00:30]} Rc7 {[%emt 0:00:30]} 27. d5 {[%emt 0:01:30]} Ng5 {[%emt 0:00:30]} 28. Rhd1 {[%emt 0:00:30]} Ne4+ {[%emt 0:00:30]} 29. Kf3 {[%emt 0:00:30]} Ng5+ {[%emt 0:00:30]} 30. Kg2 {[%emt 0:00:30]} f4 {[%emt 0:01:30]} 31. gxf4 {[%emt 0:00:30]} Rxf4 {[%emt 0:00:30]} 32. d6 {[%emt 0:00:30]} Rg4+ {[%emt 0:00:30]} 33. Kh1 {[%emt 0:02:30]} Nh3 {[%emt 0:00:30]} 34. Rf1 {[%emt 0:00:30]} 1-0

[Event "29th CRO-chT Junior 2020"]
[Site "Cakovec"]
[Date "2020.07.14"]
[Round "2.9"]
[White "Haidinger, Erik"]
[Black "Topalic, Fran"]
[Result "1-0"]
[WhiteElo "1767"]
[BlackElo "1741"]
[Annotator "NA RC"]
[PlyCount "61"]
[EventDate "2020.07.14"]
[EventType "team-tourn"]
[EventCountry "CRO"]
[SourceTitle "playchess.com"]
[Source "ChessBase"]
[SourceQuality "1"]
[TimeControl "5400+30"]

1. d4 {[%emt 0:00:30]} d5 {[%emt 0:00:30]} 2. Bf4 {[%emt 0:00:00]} Nf6 {[%emt 0:00:00]} 3. e3 {[%emt 0:00:00]} Bf5 {[%emt 0:01:00]} 4. Nf3 {[%emt 0:00:30]} e6 {[%emt 0:00:00]} 5. Ne5 {[%emt 0:00:30]} Nbd7 {[%emt 0:01:00]} 6. g4 {[%emt 0:00:30]} Bg6 {[%emt 0:00:30]} 7. h4 {[%emt 0:00:30]} Nxe5 {[%emt 0:00:30]} 8. dxe5 {[%emt 0:01:30]} Nd7 {[%emt 0:00:30]} 9. h5 {[%emt 0:00:00]} Bb4+ {[%emt 0:00:30]} 10. c3 {[%emt 0:02:00]} Bxb1 {[%emt 0:00:30]} 11. cxb4 {[%emt 0:00:30]} Be4 {[%emt 0:00:30]} 12. f3 {[%emt 0:00:30]} f6 {[%emt 0:01:30]} 13. fxe4 {[%emt 0:04:30]} fxe5 {[%emt 0:00:30]} 14. Bg3 {[%emt 0:01:30]} Qg5 {[%emt 0:00:30]} 15. Bf2 {[%emt 0:01:30]} Nf6 {[%emt 0:00:30]} 16. exd5 {[%emt 0:01:30]} O-O-O {[%emt 0:01:30]} 17. Qe2 {[%emt 0:01:30]} Qh6 {[%emt 0:01:30]} 18. Rg1 {[%emt 0:01:30]} g5 {[%emt 0:00:30]} 19. hxg6 {[%emt 0:01:30]} Qxg6 {[%emt 0:00:30]} 20. Bg2 {[%emt 0:08:30]} exd5 {[%emt 0:03:30]} 21. g5 {[%emt 0:00:30]} Ne4 {[%emt 0:01:30]} 22. Bxe4 {[%emt 0:01:30]} Qxe4 {[%emt 0:00:00]} 23. Qg4+ {[%emt 0:00:00]} Qxg4 {[%emt 0:01:00]} 24. Rxg4 {[%emt 0:00:00]} Rhg8 {[%emt 0:00:00]} 25. O-O-O {[%emt 0:00:30]} Rd6 {[%emt 0:00:00]} 26. Bg3 {[%emt 0:00:30]} h6 {[%emt 0:00:30]} 27. Bxe5 {[%emt 0:00:30]} Rc6+ {[%emt 0:00:00]} 28. Kb1 {[%emt 0:00:30]} hxg5 {[%emt 0:01:00]} 29. Rxd5 {[%emt 0:00:30]} Rcg6 {[%emt 0:00:30]} 30. Rc5 {[%emt 0:00:30]} c6 {[%emt 0:00:30]} 31. b5 {[%emt 0:00:30]} 1-0

[Event "29th CRO-chT Junior 2020"]
[Site "Cakovec"]
[Date "2020.07.14"]
[Round "2.10"]
[White "Matota, Dominik"]
[Black "Sundac, Ivano"]
[Result "1-0"]
[WhiteElo "1807"]
[BlackElo "1408"]
[Annotator "NA RC"]
[PlyCount "79"]
[EventDate "2020.07.14"]
[EventType "team-tourn"]
[EventCountry "CRO"]
[SourceTitle "playchess.com"]
[Source "ChessBase"]
[SourceQuality "1"]
[TimeControl "5400+30"]

{[%evp 10,73,23,15,18,14,20,10,25,-15,6,-19,0,-66,-68,-64,-4,0,0,0,0,-45,-56,-49,-53,-35,-33,-38,-38,-134,58,74,95,77,92,82,114,50,54,47,39,44,150,164,151,43,44,46,54,54,32767,44,37,46,32767,42,106,91,96,86,152,160,214,108,827,913]} 1. e4 {[%emt 0:00:30]} c5 {[%emt 0:00:30]} 2. Nf3 {[%emt 0:00:00]} d6 {[%emt 0:00:00]} 3. d4 {[%emt 0:00:00]} cxd4 {[%emt 0:00:00]} 4. Nxd4 {[%emt 0:00:00]} Nf6 {[%emt 0:00:30]} 5. Nc3 {[%emt 0:00:00]} a6 {[%emt 0:00:00]} 6. Be2 {[%emt 0:00:30]} e5 {[%emt 0:00:00]} 7. Nb3 {[%emt 0:00:00]} Be6 {[%emt 0:00:30]} 8. Be3 {[%emt 0:01:00]} Be7 {[%emt 0:00:30]} 9. f3 {[%emt 0:00:30]} O-O {[%emt 0:01:30]} 10. Qd2 {[%emt 0:00:30]} Nbd7 {[%emt 0:01:30]} 11. O-O-O {[%emt 0:01:30]} ({White should play} 11. Nd5 $11) 11... b5 {[%emt 0:00:30]} 12. h4 {[%emt 0:00:00] B92: Sicilian Najdorf: 6 Be2.} Nh5 {[%emt 0:04:30]} ({Better is} 12... b4 $17 13. Nd5 Bxd5 14. exd5 a5) 13. g4 {[%emt 0:09:00]} Ng3 {[%emt 0:00:00]} 14. Rh2 {[%emt 0:00:30]} Nxe2+ {[%emt 0:00:00]} 15. Nxe2 {[%emt 0:00:30]} a5 {[%emt 0:01:30]} 16. Kb1 {[%emt 0:04:30]} a4 {[%emt 0:02:30]} 17. Nbc1 {[%emt 0:00:00] [#]} Nb6 $146 {[%emt 0:02:30]} ({Predecessor:} 17... b4 18. g5 b3 19. cxb3 axb3 20. a3 d5 21. exd5 Bf5+ 22. Ka1 Bxa3 23. bxa3 Rxa3+ 24. Kb2 Qa8 25. Qb4 Ra2+ 26. Nxa2 Qxa2+ 27. Kc1 Qc2# {0-1 (27) Martins,R (1800)-Da Silva,J (1734) Curitiba 2015}) 18. Bxb6 {[%emt 0:02:00]} Qxb6 {[%emt 0:00:00]} 19. Nd3 {[%emt 0:00:30] [#]} (19. Ng3 $11 {remains equal.}) 19... f6 $2 {[%emt 0:06:00]} (19... d5 $1 $17 20. Nxe5 Rad8 21. exd5 Bxd5) 20. Nb4 $1 {[%emt 0:06:30]} Rfd8 {[%emt 0:00:30]} 21. Nd5 {[%emt 0:00:30]} Qb7 {[%emt 0:01:30]} 22. a3 {[%emt 0:08:30]} Rab8 {[%emt 0:02:30]} 23. Qb4 {[%emt 0:03:30]} (23. Nec3 $16) 23... Bxd5 {[%emt 0:03:30]} 24. Rxd5 {[%emt 0:00:30]} Rdc8 {[%emt 0:01:30]} 25. Qd2 {[%emt 0:05:30]} Rc4 {[%emt 0:05:30]} (25... b4 $14 26. Qxb4 Qxb4 27. axb4 Rxb4) 26. c3 {[%emt 0:00:30]} Rc5 {[%emt 0:00:30]} 27. Ng3 {[%emt 0:03:30]} (27. Rd3 $16) 27... Rxd5 {[%emt 0:01:30]} 28. exd5 {[%emt 0:02:30]} Rc8 {[%emt 0:00:30]} 29. Rh1 {[%emt 0:00:30]} Bf8 {[%emt 0:03:30]} 30. Qd3 {[%emt 0:09:30]} Rc7 {[%emt 0:01:30]} 31. Ne4 {[%emt 0:01:30]} Be7 {[%emt 0:01:30]} 32. h5 {[%emt 0:04:30]} h6 {[%emt 0:00:30]} ({Black should try} 32... Rc4 $14) 33. Rd1 {[%emt 0:02:30]} Bf8 {[%emt 0:00:30]} 34. Ng3 {[%emt 0:01:30]} Rc5 {[%emt 0:00:30] [#]} ({Better is} 34... Rc4) 35. Qf5 $1 {[%emt 0:01:30]} Qc8 {[%emt 0:01:30] [#]} 36. Qg6 {[%emt 0:05:30]} (36. Qe6+ $1 $18 Kh8 37. Ne4) 36... Qb7 $2 {[%emt 0:00:30] [#]} (36... Kh8 $16) 37. Ne4 $18 {[%emt 0:00:30]} Qe7 {[%emt 0:04:30]} 38. Nxc5 {[%emt 0:01:30]} dxc5 {[%emt 0:00:30]} 39. d6 {[%emt 0:00:30]} Qd8 {[%emt 0:00:30]} 40. d7 {[%emt 0:00:30]} 1-0